|
|
|
|
| LEADER |
01644nam a2200421 i 4500 |
| 001 |
EBC4466779 |
| 003 |
MiAaPQ |
| 005 |
20200124151839.0 |
| 006 |
m o d | |
| 007 |
cr cnu|||||||| |
| 008 |
200124s2016 fr o 000 0 fre d |
| 020 |
|
|
|z 9782840018612
|
| 020 |
|
|
|a 9782818806364
|q (electronic bk.)
|
| 035 |
|
|
|a (MiAaPQ)EBC4466779
|
| 035 |
|
|
|a (Au-PeEL)EBL4466779
|
| 035 |
|
|
|a (CaPaEBR)ebr11191120
|
| 035 |
|
|
|a (OCoLC)946010740
|
| 040 |
|
|
|a MiAaPQ
|b eng
|e rda
|e pn
|c MiAaPQ
|d MiAaPQ
|
| 050 |
|
4 |
|a HD47.3
|b .F544 2016
|
| 082 |
0 |
|
|a 658.1552
|2 23
|
| 100 |
1 |
|
|a Fifer, Robert M.,
|e author.
|
| 245 |
1 |
0 |
|a Robert Fifer :
|b 78 conseils pour accroitre ses profits /
|c Robert Fifer.
|
| 264 |
|
1 |
|a Paris :
|b Maxima - Laurent du Mesnil editeur,
|c [2016]
|
| 264 |
|
4 |
|c 2016
|
| 300 |
|
|
|a 1 online resource (200 pages).
|
| 336 |
|
|
|a text
|b txt
|2 rdacontent
|
| 337 |
|
|
|a computer
|b c
|2 rdamedia
|
| 338 |
|
|
|a online resource
|b cr
|2 rdacarrier
|
| 490 |
1 |
|
|a Masterclass
|
| 588 |
|
|
|a Description based on print version record.
|
| 590 |
|
|
|a Electronic reproduction. Ann Arbor, MI : ProQuest, 2018. Available via World Wide Web. Access may be limited to ProQuest affiliated libraries.
|
| 650 |
|
0 |
|a Cost control.
|
| 650 |
|
0 |
|a Sales management.
|
| 655 |
|
4 |
|a Electronic books.
|
| 776 |
0 |
8 |
|i Print version:
|a Fifer, Robert.
|t Robert Fifer : 78 conseils pour accroitre ses profits.
|d Paris : Maxima - Laurent du Mesnil editeur, c2016
|h 200 pages
|k Masterclass.
|z 9782840018612
|
| 797 |
2 |
|
|a ProQuest (Firm)
|
| 830 |
|
0 |
|a Masterclass.
|
| 856 |
4 |
0 |
|u https://ebookcentral.proquest.com/lib/matrademy/detail.action?docID=4466779
|z Click to View
|